[Event "Saint Louis Spring-A"]
[Site "Saint Louis"]
[Date "2025.04.26"]
[Round "6"]
[White "Gazik, Viktor"]
[Black "Antipov, Mikhail Al"]
[Result "0-1"]
[WhiteElo "2573"]
[BlackElo "2584"]
[PlyCount "54"]
[EventDate "2025.04.21"]
[EventType "tourn"]
[EventRounds "9"]
[EventCountry "USA"]
[EventCategory "14"]
[SourceTitle "CB18_2025"]
[SourceDate "2025.04.30"]
[SourceVersion "1"]
[SourceVersionDate "2025.04.30"]
[SourceQuality "1"]

1. e4 c5 2. Nf3 e6 3. Nc3 Nc6 4. Be2 a6 5. d4 cxd4 6. Nxd4 Qc7 7. 0-0 Nf6 8. Be3 Be7 9. f4 d6 10. Qe1 Bd7 11. Rd1 b5 12. a3 0-0 13. Qg3 Rad8 14. Bf3 Kh8 15. Kh1 Na5 16. e5 Ng8 17. exd6 Bxd6 18. Ne4 Be7 19. Bd2 Nc4 20. Bc3 f6 21. Rd3 Nh6 22. Rfd1 a5 23. Nd2 e5 24. fxe5 Nxe5 25. N2b3 b4 26. axb4 Bd6 27. Re3 Neg4 0-1

[Event "Saint Louis Spring-A"]
[Site "Saint Louis"]
[Date "2025.04.23"]
[Round "3"]
[White "Antipov, Mikhail Al"]
[Black "Bok, Benjamin"]
[Result "1/2-1/2"]
[WhiteElo "2584"]
[BlackElo "2592"]
[PlyCount "100"]
[EventDate "2025.04.21"]
[EventType "tourn"]
[EventRounds "9"]
[EventCountry "USA"]
[EventCategory "14"]
[SourceTitle "CB18_2025"]
[SourceDate "2025.04.30"]
[SourceVersion "1"]
[SourceVersionDate "2025.04.30"]
[SourceQuality "1"]

1. e4 c5 2. Nf3 e6 3. d4 cxd4 4. Nxd4 Nc6 5. Nc3 Qc7 6. Ncb5 Qb8 7. Bd3 Nf6 8. 0-0 Be7 9. Nf3 0-0 10. Re1 d6 11. c4 Ne5 12. Bf4 b6 13. Rc1 Bb7 14. b4 Rc8 15. Bg3 a6 16. Nbd4 Nxd3 17. Qxd3 Nh5 18. Bh4 Nf6 19. h3 Qc7 20. Bg3 Qd7 21. a3 h6 22. Rcd1 Qa4 23. Nd2 Bf8 24. Qe3 Qe8 25. N4b3 Qc6 26. f3 Be7 27. Bf2 Nd7 28. Nd4 Qc7 29. f4 Rab8 30. Qd3 Ba8 31. N4b3 Nf6 32. Bd4 e5 33. Be3 Qc6 34. fxe5 dxe5 35. c5 bxc5 36. Nxc5 a5 37. Qc3 axb4 38. axb4 Bf8 39. Rc1 Qe8 40. Bf2 Rb5 41. Nc4 Nd7 42. Nxd7 Qxd7 43. Nxe5 Rxc3 44. Nxd7 Bxb4 45. Rxc3 Bxc3 46. Rc1 Rb3 47. Be1 Bd4+ 48. Bf2 Bc3 49. Be1 Bd4+ 50. Bf2 Bc3 1/2-1/2

[Event "American Cup Blitz"]
[Site "Saint Louis"]
[Date "2025.03.24"]
[Round "2"]
[White "Aronian, Levon"]
[Black "Antipov, Mikhail Al"]
[Result "0-1"]
[WhiteElo "2748"]
[BlackElo "2571"]
[PlyCount "148"]
[EventDate "2025.03.24"]
[EventType "swiss (blitz)"]
[EventRounds "9"]
[EventCountry "USA"]
[SourceTitle "CB14_2025"]
[SourceDate "2024.11.01"]
[SourceVersion "1"]
[SourceVersionDate "2024.11.01"]
[SourceQuality "1"]

1. c4 c5 2. g3 g6 3. Bg2 Bg7 4. Nc3 Nc6 5. e3 d6 6. Nge2 Bf5 7. d4 Qc8 8. d5 Ne5 9. e4 Bh3 10. 0-0 a6 11. b3 b5 12. f4 Bxg2 13. Kxg2 Nd7 14. Rb1 Ngf6 15. Qd3 0-0 16. Bd2 Re8 17. h3 b4 18. Nd1 e6 19. Nf2 exd5 20. exd5 a5 21. g4 a4 22. Ng3 axb3 23. axb3 h6 24. Rfe1 Ra2 25. Rxe8+ Qxe8 26. Re1 Qa8 27. Re2 Nb6 28. Nge4 Nfxd5 29. cxd5 Nxd5 30. Qf3 Bd4 31. f5 g5 32. h4 f6 33. hxg5 hxg5 34. Nxd6 Rxd2 35. Rxd2 Ne3+ 36. Kg3 Nf1+ 37. Kg2 Qxf3+ 38. Kxf3 Nxd2+ 39. Ke2 Nxb3 40. Nfe4 Na5 41. Kd3 Kf8 42. Nc4 Nc6 43. Ned6 Ke7 44. Nc8+ Kd8 45. N8b6 Kc7 46. Nd5+ Kb7 47. Kc2 Nd8 48. Kb3 Nf7 49. Na5+ Kc8 50. Nc6 Ba1 51. Kc4 Kd7 52. Na5 Bd4 53. Nb3 Nd6+ 54. Kd3 c4+ 55. Kxd4 cxb3 56. Kd3 Ne4 57. Nxb4 Nf2+ 58. Kc3 Nxg4 59. Kxb3 Kd6 60. Kc4 Ke5 61. Kd3 Kxf5 62. Nd5 Ke5 63. Ne7 Ke6 64. Nc8 Ne5+ 65. Ke3 f5 66. Nb6 Nd7 67. Nc4 Kd5 68. Nb2 Ne5 69. Nd1 f4+ 70. Ke2 Kd4 71. Nf2 g4 72. Nd1 g3 73. Kf1 f3 74. Kg1 Nc4 0-1

[Event "American Cup Blitz"]
[Site "Saint Louis"]
[Date "2025.03.24"]
[Round "7"]
[White "Dominguez Perez, Leinier"]
[Black "Antipov, Mikhail Al"]
[Result "1/2-1/2"]
[WhiteElo "2741"]
[BlackElo "2571"]
[PlyCount "319"]
[EventDate "2025.03.24"]
[EventType "swiss (blitz)"]
[EventRounds "9"]
[EventCountry "USA"]
[SourceTitle "CB14_2025"]
[SourceDate "2024.11.01"]
[SourceVersion "1"]
[SourceVersionDate "2024.11.01"]
[SourceQuality "1"]

1. e4 c5 2. Nf3 Nc6 3. d4 cxd4 4. Nxd4 g6 5. c4 Nf6 6. Nc3 d6 7. f3 Nxd4 8. Qxd4 Bg7 9. Be3 0-0 10. Qd2 a5 11. b3 a4 12. b4 Be6 13. Rc1 Nd7 14. Be2 a3 15. Rc2 Re8 16. 0-0 Nb6 17. Nd5 Nxd5 18. cxd5 Bd7 19. Bd4 e6 20. Bxg7 Kxg7 21. Qd4+ Qf6 22. Qxf6+ Kxf6 23. Rc7 Ba4 24. dxe6 fxe6 25. Rfc1 Re7 26. R7c3 Be8 27. Kf2 d5 28. exd5 exd5 29. Bd1 Bb5 30. Bb3 Re2+ 31. Kg3 Bc4 32. Bxc4 dxc4 33. Rxc4 Rxa2 34. Rf4+ Ke6 35. Re4+ Kd5 36. Rc5+ Kd6 37. Rd4+ Ke6 38. Re4+ Kf7 39. Rc7+ Kf6 40. Rxb7 Rd2 41. Rb6+ Kg5 42. h4+ Kh6 43. Rb7 Rdd8 44. Ree7 Rh8 45. Re1 a2 46. Ra1 Rhc8 47. Rb5 Rc4 48. Rb7 Rc2 49. Rb5 Rc3 50. Rc5 Rb3 51. Rc2 Rxb4 52. Raxa2 Rxa2 53. Rxa2 Kg7 54. Ra7+ Kg8 55. Re7 h5 56. Re4 Rb5 57. Kf4 Kf7 58. Rd4 Kf6 59. Rd6+ Kf7 60. Rc6 Ra5 61. Rd6 Rb5 62. Ke4 Ra5 63. Rd5 Ra2 64. g3 Ra3 65. Rd4 Ra5 66. Kf4 Rf5+ 67. Ke3 Ra5 68. Re4 Ra3+ 69. Kf4 Kf6 70. Rc4 Ra5 71. Rc6+ Kf7 72. Ke4 Ra4+ 73. Ke5 Ra5+ 74. Kd4 Ra4+ 75. Rc4 Ra3 76. Ke4 Ra5 77. Rd4 Ke6 78. Rb4 Kf6 79. Rb6+ Kf7 80. Rd6 Rb5 81. Rd5 Rb3 82. Kf4 Kf6 83. Rd6+ Kf7 84. Rd4 Rb5 85. Re4 Kf6 86. Rc4 Rf5+ 87. Ke3 Re5+ 88. Re4 Ra5 89. Rd4 Kf7 90. Rc4 Rb5 91. g4 hxg4 92. fxg4 Ra5 93. Kf3 Rb5 94. Rc7+ Kg8 95. Rd7 Ra5 96. Ke4 Ra4+ 97. Rd4 Ra5 98. Rd5 Ra4+ 99. Kf3 Kf7 100. Rd6 Rb4 101. Rc6 Ra4 102. Rb6 Rc4 103. Rb3 Ra4 104. Re3 Rb4 105. Re4 Rb5 106. Rd4 Ra5 107. Ke4 Rb5 108. Rd7+ Ke6 109. Rd4 Kf7 110. Kf3 Ra5 111. Re4 Rb5 112. Rc4 Ra5 113. g5 Ra1 114. Ke4 Ra5 115. Rd4 Ke6 116. Rb4 Kf7 117. Rc4 Rb5 118. Rc7+ Kg8 119. Kd4 Ra5 120. Rc6 Kf7 121. Rf6+ Kg7 122. Rf4 Ra4+ 123. Ke5 Ra5+ 124. Kd6 Ra6+ 125. Kc5 Ra5+ 126. Kb6 Rd5 127. Kc6 Rd1 128. Kc5 Rd2 129. Rd4 Rc2+ 130. Kd6 Ra2 131. Ke6 Re2+ 132. Kd7 Kf7 133. Kd6 Re6+ 134. Kd5 Ra6 135. Rc4 Ra5+ 136. Kd6 Rf5 137. Rc7+ Kg8 138. Rc4 Kf7 139. Re4 Rf1 140. Re7+ Kf8 141. Ra7 Re1 142. Kd5 Kg8 143. Ra6 Kf7 144. Rf6+ Kg7 145. Rf4 Ra1 146. Rc4 Re1 147. Re4 Ra1 148. Rd4 Re1 149. Kd6 Kf7 150. Rf4+ Kg7 151. Rc4 Rd1+ 152. Ke6 Re1+ 153. Kd5 Kf7 154. Rc7+ Kg8 155. Kd6 Re4 156. Re7 Rxh4 157. Ke6 Rf4 158. Ra7 Rf5 159. Ra8+ Kg7 160. Ra7+ 1/2-1/2

[Event "Titled Tuesday intern op 04th Mar Early"]
[Site "Chess.com INT"]
[Date "2025.03.04"]
[Round "2"]
[White "Antipov, Mikhail Al"]
[Black "Avramidou, Anastasia"]
[Result "1-0"]
[WhiteElo "2571"]
[BlackElo "2275"]
[PlyCount "107"]
[EventDate "2025.03.04"]
[EventType "swiss (blitz)"]
[EventRounds "11"]
[EventCountry "USA"]
[SourceTitle "CB11_2025"]
[SourceDate "2025.03.12"]
[SourceVersion "1"]
[SourceVersionDate "2025.03.12"]
[SourceQuality "1"]

1. e4 c5 2. Nf3 Nc6 3. Bb5 g6 4. Bxc6 bxc6 5. 0-0 Bg7 6. Re1 d6 7. h3 e5 8. c3 Ne7 9. d4 cxd4 10. cxd4 exd4 11. Nxd4 0-0 12. Nc3 Qb6 13. Nb3 Rd8 14. Bg5 f6 15. Be3 Qb7 16. Rc1 Be6 17. Nd4 Bf7 18. Qe2 Re8 19. b3 a6 20. Qf3 c5 21. Nde2 f5 22. Bf4 Rad8 23. Rcd1 Be5 24. Bxe5 dxe5 25. Qe3 Qc7 26. Qg5 f4 27. Qf6 Nc6 28. Nd5 Bxd5 29. Rxd5 Rxd5 30. exd5 Nb4 31. Nc3 Qf7 32. Qd6 Qe7 33. Qb6 Rd8 34. Rd1 Qd6 35. Qa5 Qe7 36. a3 Nc2 37. Ne4 Nd4 38. d6 Rxd6 39. Nxd6 Qxd6 40. Kh1 f3 41. gxf3 Qd7 42. Kg2 Qf5 43. Qd8+ Kg7 44. Qe7+ Kg8 45. Qe8+ Kg7 46. Qa8 Qg5+ 47. Kf1 Qh5 48. Qb7+ Kg8 49. Qc8+ Kg7 50. Qg4 Qh6 51. Kg2 Kf7 52. b4 Ne6 53. Rd7+ Kf6 54. Rd6 1-0

[Event "Chessable Masters Play In"]
[Site "Chess.com INT"]
[Date "2025.02.17"]
[Round "2"]
[White "Aravindh, Chithambaram VR"]
[Black "Antipov, Mikhail Al"]
[Result "1/2-1/2"]
[WhiteElo "2729"]
[BlackElo "2571"]
[PlyCount "144"]
[EventDate "2025.02.17"]
[EventType "swiss (blitz)"]
[EventRounds "9"]
[EventCountry "USA"]
[SourceTitle "CB08_2025"]
[SourceDate "2025.02.19"]
[SourceVersion "1"]
[SourceVersionDate "2025.02.19"]
[SourceQuality "1"]

1. c4 c5 2. Nf3 g6 3. g3 Bg7 4. Bg2 Nc6 5. 0-0 d6 6. Nc3 Be6 7. d3 Qc8 8. Ng5 Bf5 9. Nd5 h6 10. Ne4 Qd7 11. Qa4 Rc8 12. Bf4 Nd4 13. Qxa7 Nxe2+ 14. Kh1 Nxf4 15. gxf4 Rd8 16. Rfe1 e6 17. Nec3 Nf6 18. Nb6 Qe7 19. Qxb7 Qxb7 20. Bxb7 Rb8 21. Bc6+ Ke7 22. Nbd5+ Nxd5 23. Nxd5+ Kd8 24. Ne3 Rxb2 25. Nxf5 gxf5 26. Rab1 Kc7 27. Rxb2 Bxb2 28. Bb5 Bd4 29. Kg2 Rg8+ 30. Kf3 e5 31. h3 Bc3 32. Rd1 h5 33. a4 h4 34. Ba6 Kb6 35. Bb5 Kc7 36. Ba6 f6 37. Rb1 Bb4 38. Rd1 Rg7 39. Bb5 Rg6 40. Be8 Rg7 41. Bb5 Ba5 42. Ba6 Bc3 43. Bb5 Rg8 44. Ba6 Bb4 45. Bb5 Ba5 46. Ba6 Re8 47. Bb5 e4+ 48. dxe4 Rxe4 49. Rd5 Re1 50. Rxf5 Rh1 51. Rxf6 Rxh3+ 52. Kg2 Rd3 53. Rf7+ Kd8 54. Rh7 Rd4 55. Rxh4 Ke7 56. Kf3 Bd2 57. Rg4 Kf6 58. f5 Kxf5 59. Rxd4 cxd4 60. Ke2 Ba5 61. Bc6 Ke5 62. Kd3 Bb6 63. Bd5 Ba5 64. f3 Bc3 65. Kc2 Ba5 66. Kd3 Bc3 67. Be4 Bb4 68. Ke2 Kf4 69. Bd5 Ba5 70. Bb7 Bb4 71. Kd3 Bc3 72. Bd5 Ke5 1/2-1/2

[Event "Chessable Masters Play In"]
[Site "Chess.com INT"]
[Date "2025.02.17"]
[Round "9"]
[White "Deac, Bogdan Daniel"]
[Black "Antipov, Mikhail Al"]
[Result "0-1"]
[WhiteElo "2692"]
[BlackElo "2571"]
[PlyCount "150"]
[EventDate "2025.02.17"]
[EventType "swiss (blitz)"]
[EventRounds "9"]
[EventCountry "USA"]
[SourceTitle "CB08_2025"]
[SourceDate "2025.02.19"]
[SourceVersion "1"]
[SourceVersionDate "2025.02.19"]
[SourceQuality "1"]

1. Nf3 c5 2. e3 g6 3. d4 cxd4 4. exd4 Bg7 5. Bd3 Nf6 6. 0-0 0-0 7. Re1 d6 8. h3 b6 9. c4 Nbd7 10. Nc3 Bb7 11. d5 a5 12. Bf4 Nc5 13. Bf1 Qd7 14. Rc1 Rfe8 15. Nd4 Rad8 16. Ndb5 Ba6 17. b3 Qc8 18. Qc2 Nh5 19. Be3 Qd7 20. a3 Bxb5 21. Nxb5 Qb7 22. b4 Nd7 23. Nd4 axb4 24. axb4 Ra8 25. Nc6 Ra3 26. Qd2 Ne5 27. b5 Rea8 28. Bd4 Qc7 29. Rc2 Nxc6 30. dxc6 Bxd4 31. Qxd4 Ng7 32. Rce2 e5 33. Qb2 Ne6 34. Rd2 Nc5 35. g3 Kg7 36. h4 h5 37. Red1 Qe7 38. Bg2 Rb3 39. Qc2 Rd8 40. Qa2 e4 41. Rd5 Qf6 42. c7 Rc8 43. Rxd6 Qc3 44. Rc6 Rb2 45. Qa1 e3 46. Rxc5 bxc5 47. b6 exf2+ 48. Kh2 f1Q 49. Rxf1 Qc2 50. Rg1 Kh7 51. Qa6 Qf5 52. Qa3 Rxb6 53. Qa7 Rb2 54. Qa5 Re8 55. Qa6 Qc8 56. Qd6 Rbe2 57. Rf1 R2e7 58. Bd5 Rd7 59. Rxf7+ Rxf7 60. Bxf7 Re2+ 61. Kg1 Qf5 62. Qxg6+ Qxg6 63. Bxg6+ Kxg6 64. c8Q Re1+ 65. Kf2 Ra1 66. Qc6+ Kf7 67. Qd7+ Kf8 68. Qd6+ Kf7 69. Qd5+ Kf8 70. Qf5+ Ke8 71. Qe5+ Kf7 72. Ke3 Kf8 73. Qxa1 Kg8 74. Qa6 Kf7 75. Qc6 Kg8 0-1

[Event "Chessable Masters Play In"]
[Site "Chess.com INT"]
[Date "2025.02.17"]
[Round "1"]
[White "Nigmatov, Ortik"]
[Black "Antipov, Mikhail Al"]
[Result "0-1"]
[WhiteElo "2505"]
[BlackElo "2571"]
[PlyCount "70"]
[EventDate "2025.02.17"]
[EventType "swiss (blitz)"]
[EventRounds "9"]
[EventCountry "USA"]
[SourceTitle "CB08_2025"]
[SourceDate "2025.02.19"]
[SourceVersion "1"]
[SourceVersionDate "2025.02.19"]
[SourceQuality "1"]

1. e4 c5 2. Nf3 Nc6 3. d4 cxd4 4. Nxd4 g6 5. c4 Nf6 6. Nc3 d6 7. Be2 Nxd4 8. Qxd4 Bg7 9. Be3 0-0 10. Qd2 a5 11. 0-0 a4 12. Rfc1 Qa5 13. Rab1 Be6 14. f3 Rfc8 15. b4 axb3 16. axb3 Qb4 17. Na4 Qxd2 18. Bxd2 Nd7 19. Be3 f5 20. Bd3 Ne5 21. Bc2 Rc6 22. Kf2 Rac8 23. Nb6 f4 24. Nxc8 fxe3+ 25. Kxe3 Rxc8 26. h3 Nc6 27. Bd3 Bd4+ 28. Ke2 Nb4 29. Rd1 Ra8 30. Rbc1 Ra3 31. Rb1 g5 32. Kf1 Ra2 33. Be2 Nc2 34. Rd2 Ne3+ 35. Ke1 Bc3 0-1

[Event "Titled Tuesday intern op 11th Feb Early"]
[Site "Chess.com INT"]
[Date "2025.02.11"]
[Round "10"]
[White "Antipov, Mikhail Al"]
[Black "Bok, Benjamin"]
[Result "0-1"]
[WhiteElo "2571"]
[BlackElo "2583"]
[PlyCount "72"]
[EventDate "2025.02.11"]
[EventType "swiss (blitz)"]
[EventRounds "11"]
[EventCountry "USA"]
[SourceTitle "CB09_2025"]
[SourceDate "2025.02.27"]
[SourceVersion "1"]
[SourceVersionDate "2025.02.27"]
[SourceQuality "1"]

1. e4 e5 2. Nf3 Nc6 3. Nc3 Nf6 4. Bb5 Bb4 5. 0-0 0-0 6. Bxc6 dxc6 7. d3 Nd7 8. Ne2 Re8 9. Ng3 Bf8 10. Bg5 f6 11. Be3 a5 12. Kh1 a4 13. Nf5 Nc5 14. Nd2 Ne6 15. g3 c5 16. f4 Nd4 17. Nxd4 exd4 18. Bf2 f5 19. Qf3 b6 20. exf5 Bxf5 21. g4 Be6 22. f5 Bd5 23. Ne4 c4 24. Kg1 cxd3 25. cxd3 c5 26. Rfe1 b5 27. Qf4 c4 28. dxc4 bxc4 29. Bxd4 a3 30. bxa3 Rxa3 31. Rad1 Rd3 32. Nc3 Rxe1+ 33. Rxe1 Bc6 34. Be5 Bc5+ 35. Kf1 Rf3+ 36. Qxf3 Bxf3 0-1

[Event "Titled Tuesday intern op 11th Feb Early"]
[Site "Chess.com INT"]
[Date "2025.02.11"]
[Round "8"]
[White "Antipov, Mikhail Al"]
[Black "Manvelyan, Mikayel"]
[Result "1-0"]
[WhiteElo "2571"]
[BlackElo "2306"]
[PlyCount "51"]
[EventDate "2025.02.11"]
[EventType "swiss (blitz)"]
[EventRounds "11"]
[EventCountry "USA"]
[SourceTitle "CB09_2025"]
[SourceDate "2025.02.27"]
[SourceVersion "1"]
[SourceVersionDate "2025.02.27"]
[SourceQuality "1"]

1. e4 c5 2. Nf3 Nc6 3. Bb5 Nf6 4. Nc3 Qc7 5. 0-0 Nd4 6. Re1 e5 7. a4 Be7 8. d3 0-0 9. Bg5 d6 10. h3 Be6 11. Bc4 Rfe8 12. Bxf6 Bxf6 13. Nd5 Qd8 14. c3 Nc6 15. Qd2 g6 16. b4 cxb4 17. cxb4 Bg7 18. Rec1 Ne7 19. Nxe7+ Qxe7 20. Bxe6 Qxe6 21. Rc7 Re7 22. Rac1 Rae8 23. b5 h6 24. Qa5 Qb3 25. Rxe7 Rxe7 26. Qd8+ 1-0

[Event "Titled Tuesday intern op 11th Feb Early"]
[Site "Chess.com INT"]
[Date "2025.02.11"]
[Round "2"]
[White "Antipov, Mikhail Al"]
[Black "Thorhallsson, Simon"]
[Result "1-0"]
[WhiteElo "2571"]
[BlackElo "2234"]
[PlyCount "65"]
[EventDate "2025.02.11"]
[EventType "swiss (blitz)"]
[EventRounds "11"]
[EventCountry "USA"]
[SourceTitle "CB08_2025"]
[SourceDate "2025.02.19"]
[SourceVersion "1"]
[SourceVersionDate "2025.02.19"]
[SourceQuality "1"]

1. e4 g6 2. d4 Bg7 3. Nf3 d6 4. Be3 Nf6 5. Nc3 a6 6. Qd2 b5 7. Bh6 Bxh6 8. Qxh6 b4 9. Nd5 Nbd7 10. Ng5 e6 11. Nxb4 Bb7 12. f3 c5 13. dxc5 dxc5 14. Nd3 Qe7 15. 0-0-0 0-0-0 16. Kb1 Kb8 17. Be2 c4 18. Nc1 c3 19. bxc3 Qa3 20. Nxf7 Nc5 21. Qf4+ Ka8 22. Qxf6 Rb8 23. Nb3 Na4 24. c4 Rhf8 25. Rd7 Rfe8 26. Qd4 e5 27. Nxe5 Re6 28. c5 Bc6 29. Nxc6 Rxc6 30. Bc4 Rxc5 31. Bd5+ Rb7 32. Qh8+ Ka7 33. Rxb7# 1-0

[Event "Titled Tuesday intern op 14th Jan Early"]
[Site "Chess.com INT"]
[Date "2025.01.14"]
[Round "7"]
[White "Antipov, Mikhail Al"]
[Black "Injac, Teodora"]
[Result "1-0"]
[WhiteElo "2577"]
[BlackElo "2453"]
[PlyCount "151"]
[EventDate "2025.01.14"]
[EventType "swiss (blitz)"]
[EventRounds "11"]
[EventCountry "USA"]
[SourceTitle "CB04_2025"]
[SourceDate "2025.01.22"]
[SourceVersion "1"]
[SourceVersionDate "2025.01.22"]
[SourceQuality "1"]

1. e4 e6 2. d4 d5 3. Nd2 c5 4. Ngf3 Nc6 5. exd5 exd5 6. Bb5 Qe7+ 7. Be2 Qc7 8. 0-0 Nf6 9. Re1 cxd4 10. Nb3 Bb4 11. Bd2 Bxd2 12. Qxd2 0-0 13. Nfxd4 Bd7 14. Bf3 Rfe8 15. c3 h6 16. Nc5 Ne5 17. Nxd7 Qxd7 18. Be2 a6 19. Rad1 Rad8 20. Bf1 Ne4 21. Qc2 Qc7 22. f3 Nf6 23. Qf2 Nc4 24. Nf5 Qf4 25. Bd3 Re6 26. Nd4 Ree8 27. b3 Ne5 28. Bb1 Nc6 29. Nf5 Re6 30. Qg3 Qxg3 31. hxg3 Rde8 32. Kf2 g6 33. Ne3 Kg7 34. g4 Re5 35. Nc2 Rxe1 36. Nxe1 Kf8 37. Nc2 Ke7 38. Ne3 Rd8 39. Rh1 Ng8 40. Re1 Kd6 41. Rd1 Ke6 42. a3 Nf6 43. Ba2 d4 44. b4+ Ke7 45. cxd4 Rxd4 46. Ke2 Rxd1 47. Nxd1 Nd8 48. Kd3 Kd6 49. Ne3 Nd7 50. Nc4+ Kc7 51. Ke4 b5 52. Ne5 Nxe5 53. Kxe5 Kd7 54. Kf6 Ke8 55. Bd5 h5 56. gxh5 gxh5 57. Kg5 h4 58. Kxh4 Ke7 59. Kg5 Kd6 60. Ba2 Ke5 61. f4+ Kd4 62. Kf6 Ke4 63. f5 Kf4 64. Bxf7 Nc6 65. Bd5 Nd4 66. Bb7 Nxf5 67. Bxa6 Nd4 68. Ke7 Nc2 69. Bxb5 Nxa3 70. Bd3 Kg3 71. Kd6 Kxg2 72. Kc5 Kf3 73. Kd4 Kf4 74. Kc3 Ke5 75. Kb3 Kd4 76. Kxa3 1-0

[Event "Titled Tuesday intern op 14th Jan Early"]
[Site "Chess.com INT"]
[Date "2025.01.14"]
[Round "8"]
[White "Haddouche, Mohamed Amine"]
[Black "Antipov, Mikhail Al"]
[Result "1-0"]
[WhiteElo "2490"]
[BlackElo "2577"]
[PlyCount "107"]
[EventDate "2025.01.14"]
[EventType "swiss (blitz)"]
[EventRounds "11"]
[EventCountry "USA"]
[SourceTitle "CB04_2025"]
[SourceDate "2025.01.22"]
[SourceVersion "1"]
[SourceVersionDate "2025.01.22"]
[SourceQuality "1"]

1. e4 c5 2. Nf3 Nc6 3. Bb5 Nf6 4. Nc3 Nd4 5. e5 Nxb5 6. Nxb5 Nd5 7. 0-0 a6 8. c4 Nb4 9. Nc3 d6 10. exd6 Qxd6 11. d4 cxd4 12. Nxd4 g6 13. a3 Nc6 14. Nxc6 Qxd1 15. Rxd1 bxc6 16. Na4 Bf5 17. Re1 f6 18. Be3 Kf7 19. b4 e5 20. Bc5 Bh6 21. Be3 Bxe3 22. fxe3 Rhd8 23. e4 Be6 24. Red1 Bxc4 25. Nb6 Bb3 26. Rdc1 Rab8 27. Rxc6 Rd2 28. Rf1 Bc2 29. Rfxf6+ Kg7 30. Rf2 Rd1+ 31. Rf1 Rxf1+ 32. Kxf1 Bxe4 33. Rc7+ Kh6 34. Nd7 Rb5 35. Nc5 Bf5 36. Kf2 a5 37. Rb7 Rxb7 38. Nxb7 axb4 39. axb4 Kg7 40. Nc5 Kf7 41. Ke3 Ke7 42. b5 Kd6 43. Nd3 Bc8 44. g3 Bb7 45. b6 Kd5 46. h4 h5 47. Nb4+ Kc5 48. Nd3+ Kd6 49. Nb4 Ke7 50. Nd3 Ke6 51. Nc5+ Kd5 52. Nxb7 Kc6 53. Nd8+ Kxb6 54. Ne6 1-0

[Event "Pan American Intercollegiate-chT"]
[Site "Charlotte"]
[Date "2025.01.03"]
[Round "3.3"]
[White "Bilych, Olexiy"]
[Black "Antipov, Mikhail Al"]
[Result "1/2-1/2"]
[WhiteElo "2435"]
[BlackElo "2594"]
[PlyCount "137"]
[EventDate "2025.01.02"]
[EventType "team-swiss"]
[EventRounds "6"]
[EventCountry "USA"]
[SourceTitle "CB02_2025"]
[SourceDate "2025.01.08"]
[SourceVersion "1"]
[SourceVersionDate "2025.01.08"]
[SourceQuality "1"]
[WhiteTeam "Texas Tech Univ"]
[BlackTeam "Missouri Univ"]
[WhiteTeamCountry "USA"]
[BlackTeamCountry "USA"]

1. e4 e5 2. Nf3 Nc6 3. Bb5 a6 4. Ba4 d6 5. d4 b5 6. Bb3 Nxd4 7. Nxd4 exd4 8. Qh5 g6 9. Qd5 Be6 10. Qxd4 Qf6 11. Qc3 Qxc3+ 12. Nxc3 Ne7 13. Nd5 Kd7 14. a4 Bg7 15. c3 Nxd5 16. exd5 Bf5 17. Kd1 Be4 18. f3 Bd3 19. Re1 Rae8 20. axb5 axb5 21. Bf4 Rxe1+ 22. Kxe1 Rb8 23. Kd2 Bc4 24. Bxc4 bxc4 25. Kc2 Re8 26. Kd2 Be5 27. Be3 Rb8 28. Kc2 Rb5 29. f4 Bg7 30. Ra4 Rxd5 31. Rxc4 Ra5 32. Rb4 Ra1 33. Bc1 Ra8 34. Re4 d5 35. Re1 c5 36. Be3 Kd6 37. Bf2 f5 38. Kb3 Bf6 39. h3 h5 40. Re2 Rb8+ 41. Kc2 Ra8 42. Kb3 Rc8 43. Re1 Rb8+ 44. Kc2 Ra8 45. Kb3 Bg7 46. Bh4 Ra7 47. Re8 Rb7+ 48. Kc2 d4 49. Rd8+ Ke6 50. Bf2 Bf6 51. Ra8 Rb6 52. Ra5 Rc6 53. Rb5 dxc3 54. bxc3 c4 55. Ra5 Be7 56. h4 Bd6 57. g3 Bc7 58. Ra8 Kd5 59. Kd2 Re6 60. Be3 Rd6 61. Ke2 Rd7 62. Ra6 Bd6 63. Ra5+ Ke6 64. Bd4 Rb7 65. Ke3 Rd7 66. Ra6 Kd5 67. Ra5+ Ke6 68. Ra6 Kd5 69. Ra5+ 1/2-1/2

[Event "Wch Blitz"]
[Site "New York"]
[Date "2024.12.30"]
[Round "12"]
[White "Le, Quang Liem"]
[Black "Antipov, Mikhail Al"]
[Result "0-1"]
[WhiteElo "2739"]
[BlackElo "2594"]
[PlyCount "82"]
[EventDate "2024.12.30"]
[EventType "swiss (blitz)"]
[EventRounds "13"]
[EventCountry "USA"]
[SourceTitle "CB01_2025"]
[SourceDate "2025.01.01"]
[SourceVersion "1"]
[SourceVersionDate "2025.01.01"]
[SourceQuality "1"]

1. d4 Nf6 2. c4 e6 3. Nf3 c5 4. d5 b5 5. dxe6 fxe6 6. cxb5 d5 7. Nc3 Nbd7 8. e4 Bb7 9. e5 Ng4 10. Ng5 Ndxe5 11. Be2 Nf6 12. Nxe6 Qe7 13. Nxf8 d4 14. f4 Bxg2 15. fxe5 Bxh1 16. exf6 Qxf6 17. Qd3 Rxf8 18. Ne4 Qh4+ 19. Ng3 Qxh2 20. Bd2 c4 21. Qxc4 Qxg3+ 22. Kd1 Qg1+ 23. Kc2 Be4+ 24. Kb3 Qg3+ 25. Ka4 Qd6 26. Bb4 Qd5 27. Qxd5 Bxd5 28. Bxf8 Kxf8 29. Rd1 Rd8 30. Kb4 Be4 31. Bc4 g5 32. a4 g4 33. a5 g3 34. Bd3 Bxd3 35. Rxd3 g2 36. Rg3 d3 37. Rxg2 d2 38. Rf2+ Ke7 39. Re2+ Kf6 40. Rxd2 Rxd2 41. Kc3 Rd6 0-1

[Event "Wch Rapid"]
[Site "New York"]
[Date "2024.12.28"]
[Round "13"]
[White "Antipov, Mikhail Al"]
[Black "Ivanchuk, Vassily"]
[Result "1-0"]
[WhiteElo "2591"]
[BlackElo "2647"]
[PlyCount "87"]
[EventDate "2024.12.26"]
[EventType "swiss (rapid)"]
[EventRounds "13"]
[EventCountry "USA"]
[SourceTitle "CB01_2025"]
[SourceDate "2025.01.01"]
[SourceVersion "1"]
[SourceVersionDate "2025.01.01"]
[SourceQuality "1"]

1. e4 e5 2. Nf3 Nf6 3. Nxe5 d6 4. Nf3 Nxe4 5. Qe2 Qe7 6. d3 Nf6 7. Nc3 Qxe2+ 8. Bxe2 Be7 9. h3 Nc6 10. Be3 Bd7 11. a3 a6 12. 0-0-0 0-0-0 13. d4 h6 14. Rhe1 Rde8 15. d5 Ne5 16. Nxe5 dxe5 17. b4 Bd6 18. Kb2 Rd8 19. Kb3 Rhe8 20. Na4 Ne4 21. Nc5 Bxc5 22. bxc5 f5 23. f3 Nf6 24. c4 f4 25. Bf2 Bf5 26. h4 c6 27. d6 Kd7 28. g4 fxg3 29. Bxg3 Nh5 30. Bh2 Nf4 31. Kc3 g5 32. hxg5 hxg5 33. Bxf4 gxf4 34. Bd3 Ke6 35. Rh1 Rh8 36. Rb1 b5 37. cxb6 Bxd3 38. Rxh8 Rxh8 39. Kxd3 Kxd6 40. b7 Kc7 41. b8Q+ Rxb8 42. Rxb8 Kxb8 43. Ke4 Kc7 44. c5 1-0

[Event "Wch Rapid"]
[Site "New York"]
[Date "2024.12.28"]
[Round "11"]
[White "Bortnyk, Olexandr"]
[Black "Antipov, Mikhail Al"]
[Result "1-0"]
[WhiteElo "2642"]
[BlackElo "2591"]
[PlyCount "93"]
[EventDate "2024.12.26"]
[EventType "swiss (rapid)"]
[EventRounds "13"]
[EventCountry "USA"]
[SourceTitle "CB01_2025"]
[SourceDate "2025.01.01"]
[SourceVersion "1"]
[SourceVersionDate "2025.01.01"]
[SourceQuality "1"]

1. d4 Nf6 2. Nc3 d5 3. Bf4 g6 4. e3 Nh5 5. Be5 f6 6. Bg3 c6 7. Nf3 Be6 8. Bd3 Nd7 9. Qe2 Bf7 10. e4 Qb6 11. 0-0-0 dxe4 12. Qxe4 0-0-0 13. Kb1 Nxg3 14. hxg3 Qc7 15. Qe2 Nb6 16. Ne4 Kb8 17. c3 h5 18. g4 Nd5 19. g3 g5 20. gxh5 Rxh5 21. Ned2 Qc8 22. Qe4 Nc7 23. Rxh5 Bxh5 24. Rh1 Bg4 25. Kc1 Ne8 26. Nc4 Nd6 27. Nxd6 exd6 28. Nd2 Re8 29. Qg6 Qd8 30. Bf5 Be2 31. Rh7 Bb5 32. Bd3 Bxd3 33. Qxd3 d5 34. Qf5 Bd6 35. Kc2 a6 36. Rd7 Qc8 37. Qh7 Rd8 38. Rf7 Rf8 39. Rg7 Ka7 40. Nb3 Kb6 41. a4 a5 42. Nxa5 Kxa5 43. Rxb7 f5 44. b4+ Ka6 45. Ra7+ Kb6 46. a5+ Kb5 47. Kb3 1-0